000 00678nam a2200265Ia 4500
003 OSt
005 20220918163747.0
006 a|||||r|||| 00| 0
007 ta
008 220917b |||||||| |||| 00| 0 eng d
020 _a0262061791 (hbk)
024 _a201,744
037 _cTextual
040 _aARTS
_cARTS
_beng
041 _2eng
_aeng
082 _aP:3, N6
100 _aFrazier Lyn
_915131
245 0 _aConstrual
260 _aCambridge
_bThe MIT Press
_c1996
300 _ax, 230p
_ccm.
650 _aLINGUISTICS
700 _a Clifton Charles
_915132
942 _hP:3, N6
_cTEXL
_2CC
999 _c121313
_d121313